| 000 | 00657nam a2200229 i 4500 | ||
|---|---|---|---|
| 001 | 113508 | ||
| 003 | ES-MaACL | ||
| 005 | 20230906185923.0 | ||
| 007 | t| | ||
| 008 | 061121s1964 sp r ||||1| cat d | ||
| 100 | 1 |
_aNocent, Adrien. _985811 |
|
| 245 | 1 | 0 |
_aQuaresma / _cAdrien Nocent ; traducción de Sebastiá Cabré. |
| 250 | _a1ª. ed. | ||
| 260 |
_aBarcelona : _bEstela, _c1964. |
||
| 300 |
_a269 p. ; _c19 cm. |
||
| 490 | 1 |
_aPastoral i Liturgia ; _v7 |
|
| 650 | 0 | 4 |
_aCuaresma. _911464 |
| 700 | 1 |
_aCabré, Sebastiá. _933265 |
|
| 830 | 0 |
_aPastoral i Liturgia ; _v7 _9233195 |
|
| 852 |
_aES-MaACL _jG-8782 _bR.53788 |
||
| 999 |
_c113508 _d113508 |
||